| 000 | 00393pab a2200145 454500 | ||
|---|---|---|---|
| 008 | 180718b1986 xxu||||| |||| 00| 0 eng d | ||
| 100 | _aKopardekar, H.D. | ||
| 245 | _aTariff policies for water supply | ||
| 260 | _c1986 | ||
| 300 | _a368-78 | ||
| 362 | _aJuly-Dec. | ||
| 650 | _aWater Supply - India | ||
| 773 | _aQuarterly Journal of the Local Self - Government Institute | ||
| 909 | _a20626 | ||
| 999 |
_c20626 _d20626 |
||